| 000 | 01026nam a22003257a 4500 | ||
|---|---|---|---|
| 001 | 0017326 | ||
| 003 | KOHA_MİRAKIL | ||
| 005 | 20260207002135.0 | ||
| 007 | ta | ||
| 008 | 100518b2008 tu |||grk|||#0|||0|tur | | ||
| 020 |
_a97897576557877 _c0,01 |
||
| 040 |
_aTR-BiSEU _btur _cTR-BiSEU _erda |
||
| 041 | 0 | _atur | |
| 044 | _ctu | ||
| 050 |
_aML3757 _b.T87 2008 |
||
| 245 | 0 |
_aTürk halka müziği konularına göre notalarıyla türküler 1 : _bkahramanlık serhat yemen ve askerlik türküleri/ _chazırlayan Altan Demirel. |
|
| 264 | 1 |
_aAnkara : _bTRT _c2008 |
|
| 300 | _ac.; 28 cm. | ||
| 336 |
_ametin _btxt _2rdacontent |
||
| 337 |
_aaracısız _bn _2rdamedia |
||
| 338 |
_acilt _bnc _2rdacarrier |
||
| 490 | 1 |
_aYayın No ; _v116. |
|
| 650 | 0 |
_aTürk halka müziği--Türkiye. _940112 |
|
| 650 | 0 |
_aHalk oyunu--Türkiye. _940113 |
|
| 650 | 0 |
_aFolk songs, Turkish--Turkey. _940114 |
|
| 650 | 0 |
_aFolk dance music--Turkey. _934314 |
|
| 830 | 1 |
_aYayın No ; _v116. _91861 |
|
| 907 | _aMüzik Notası | ||
| 942 |
_2lcc _cBK |
||
| 999 |
_c17283 _d17283 |
||